<?xml version="1.0" encoding="UTF-8"?><?xml-stylesheet type="text/xsl" href="static/style.xsl"?><OAI-PMH xmlns="http://www.openarchives.org/OAI/2.0/" xmlns:xsi="http://www.w3.org/2001/XMLSchema-instance" xsi:schemaLocation="http://www.openarchives.org/OAI/2.0/ http://www.openarchives.org/OAI/2.0/OAI-PMH.xsd"><responseDate>2026-04-13T02:35:49Z</responseDate><request verb="GetRecord" identifier="oai:www.recercat.cat:2445/114574" metadataPrefix="marc">https://recercat.cat/oai/request</request><GetRecord><record><header><identifier>oai:recercat.cat:2445/114574</identifier><datestamp>2025-12-05T10:13:45Z</datestamp><setSpec>com_2072_1057</setSpec><setSpec>col_2072_478856</setSpec><setSpec>col_2072_478917</setSpec></header><metadata><record xmlns="http://www.loc.gov/MARC21/slim" xmlns:dcterms="http://purl.org/dc/terms/" xmlns:xsi="http://www.w3.org/2001/XMLSchema-instance" xmlns:doc="http://www.lyncode.com/xoai" xsi:schemaLocation="http://www.loc.gov/MARC21/slim http://www.loc.gov/standards/marcxml/schema/MARC21slim.xsd">
   <leader>00925njm 22002777a 4500</leader>
   <datafield ind2=" " ind1=" " tag="042">
      <subfield code="a">dc</subfield>
   </datafield>
   <datafield ind2=" " ind1=" " tag="720">
      <subfield code="a">Pascual i Domènech, Pere, 1945-</subfield>
      <subfield code="e">author</subfield>
   </datafield>
   <datafield ind2=" " ind1=" " tag="260">
      <subfield code="c">2017-08-22T10:55:50Z</subfield>
   </datafield>
   <datafield ind2=" " ind1=" " tag="260">
      <subfield code="c">2017-08-22T10:55:50Z</subfield>
   </datafield>
   <datafield ind2=" " ind1=" " tag="260">
      <subfield code="c">2008</subfield>
   </datafield>
   <datafield ind2=" " ind1=" " tag="260">
      <subfield code="c">2017-08-22T10:55:50Z</subfield>
   </datafield>
   <datafield ind2=" " ind1=" " tag="520">
      <subfield code="a">Este artículo trata del desarrollo de la metalurgia del cobre en España en el transcurso del siglo XX. El mismo precisa la evolución del comercio exterior de mineral, de concentrados y de cobre y chatarras de este metal entre 1851 y 1980 y muestra que España pasó de ser un importante exportador de mineral cuprífero y de concentrados de cobre en el transcurso del siglo XIX a depender de crecientes importaciones netas de oncentrados y de cobre nuevo y de chatarras a lo largo del siglo XX. Pone de manifiesto, además, que ello se ebió al desarrollo de la demanda interna; que esto dio lugar a la aparición -al amparo de una elevada protección arancelaria  de una industria de afinado y de laminados de cobre y de sus aleaciones; y detalla su evolución, su localización y la capacidad producitva que la misma había alcanzado en 1970. Para terminar, describe la política de reestructuración del sector concebida a finales del franquismo -cuando J. M. López de Letona ocupaba el ministerio de Industria  con objeto de incrementar su productividad y hacer frente al reto que había de significar la adhesión de España a la CEE, así como las causas del fracaso de este primer intento de reconversión.</subfield>
   </datafield>
   <datafield tag="653" ind2=" " ind1=" ">
      <subfield code="a">Indústria metal·lúrgica</subfield>
   </datafield>
   <datafield tag="653" ind2=" " ind1=" ">
      <subfield code="a">Coure</subfield>
   </datafield>
   <datafield tag="653" ind2=" " ind1=" ">
      <subfield code="a">Espanya</subfield>
   </datafield>
   <datafield tag="653" ind2=" " ind1=" ">
      <subfield code="a">Metal trade</subfield>
   </datafield>
   <datafield tag="653" ind2=" " ind1=" ">
      <subfield code="a">Copper</subfield>
   </datafield>
   <datafield tag="653" ind2=" " ind1=" ">
      <subfield code="a">Spain</subfield>
   </datafield>
   <datafield ind2="0" ind1="0" tag="245">
      <subfield code="a">La industria del cobre en España I. De 1900 a 1975</subfield>
   </datafield>
</record></metadata></record></GetRecord></OAI-PMH>